000 00715nam a2200205 i 4500
001 bg
100 1 _aNOWAK, Władysław
245 1 0 _aTeoria rekuperatorów /
_cWładysław Nowak ; Politechnika Szczecińska. Wydział Mechaniczny. Katedra Techniki Cieplnej.
260 _aSzczecin :
_bWydaw. Uczelniane PS,
_c1993.
300 _a311, [4] s. :
_brys., wykr. ;
_c24 cm.
504 _aBibliogr. s. [312-315].
650 9 _aWymienniki ciepła
_xteoria
655 _aPodręczniki akademickie
710 0 _aPolitechnika Szczecińska
_bWydział Mechaniczny
_bKatedra Techniki Cieplnej
040 _cBPK
041 0 _apl
080 _a621.1.01:536](075.8)
942 _cKS
008 s pl f |000 0 pol
999 _c35960
_d35960
856 _uhttp://koha.tu.koszalin.pl/cgi-bin/koha/opac-detail.pl?biblionumber=35960
_yKatalog online BPK